000 01101cam a22003255a 4500
001 18165083
005 20240818093017.0
008 140522s2014 enka frbd 001 0 eng d
020 _a9781848217430
040 _aDLC
_beng
_cDLC
_dDLC
_dEG-ScBUE
082 0 4 _222
_a519.3
_bKRI
100 1 _aKrichen, Saoussen.
245 1 0 _aGraph-related optimization and decision theory /
_cSaoussen Krichen, Jouhaina Chaouachi.
260 _aLodon :
_bISTE Ltd. ;
_aHoboken :
_bJohn Wiley & Sons,
_c2014.
300 _axxi, 156 p. :
_bill. ;
_c24 cm.
490 0 _aFocus series in computer engineering
500 _aGlossary : p. [147]
500 _aIndex : p. [155]-156.
504 _aBibliography : p. [149]-153.
650 7 _2BUEsh
_93997
_aGraph theory.
650 7 _93485
_aMathematical optimization.
_2BUEsh
650 7 _94283
_aDecision support systems.
_2BUEsh
651 _2BUEsh
653 _bCOMSCI
_cNovember2016
700 1 _aChaouachi, Jouhaina.
942 _2ddc
_hRDA-MOD
999 _c23183
_d23155
336 _2rdacontent
_atext
_btxt
337 _aunmediated
_2rdamedia
_bn
338 _avolume
_bnc
_2rdacarrier